000 00616nam a22001817a 4500
005 20251108174701.0
008 250721s2008 xx 000 0 ara d
082 1 4 _a372.6/جعا
100 1 _aالجعافرة، عبد السلام يوسف
_eمؤلف
245 1 0 _aالكتابة الوظيفية في اللغة العربية بين النظرية و التطبيق /
264 1 _aعمان :
_bالطريق للنشر و التوزيع،
_c2008.
300 _a182 ص.
650 1 7 _aالتعلم
650 1 7 _aالكتابه
650 1 7 _aاللغه العربيه
942 _2ddc
_cBK
999 _c115362
_d115362